000 00535nam a22001337a 4500
082 _a340
_bSHE
100 _aShehryar, Muhammad Ayaan & Anwar, Areej
245 _aThe Integration of Blockchain Technology with Arbitration Mechanisms:
_bIts Efficacy and Implementation in International Arbitration /
_cMuhammad Ayaan Shehryar & Areej Anwar
260 _aIslamabad :
_bNUST Law School,
_c2025.
300 _a63 p. ;
_c30 CM.
563 _aHBK.
856 _uhttp://10.250.8.41:8080/xmlui/handle/123456789/56160
942 _2ddc
_cPR
999 _c615631
_d615631